<?xml version="1.0" encoding="UTF-8"?><?xml-stylesheet type="text/xsl" href="static/style.xsl"?><OAI-PMH xmlns="http://www.openarchives.org/OAI/2.0/" xmlns:xsi="http://www.w3.org/2001/XMLSchema-instance" xsi:schemaLocation="http://www.openarchives.org/OAI/2.0/ http://www.openarchives.org/OAI/2.0/OAI-PMH.xsd"><responseDate>2026-04-17T03:59:52Z</responseDate><request verb="GetRecord" identifier="oai:www.recercat.cat:2117/393116" metadataPrefix="marc">https://recercat.cat/oai/request</request><GetRecord><record><header><identifier>oai:recercat.cat:2117/393116</identifier><datestamp>2025-07-22T19:29:33Z</datestamp><setSpec>com_2072_1033</setSpec><setSpec>col_2072_452951</setSpec></header><metadata><record xmlns="http://www.loc.gov/MARC21/slim" xmlns:dcterms="http://purl.org/dc/terms/" xmlns:xsi="http://www.w3.org/2001/XMLSchema-instance" xmlns:doc="http://www.lyncode.com/xoai" xsi:schemaLocation="http://www.loc.gov/MARC21/slim http://www.loc.gov/standards/marcxml/schema/MARC21slim.xsd">
   <leader>00925njm 22002777a 4500</leader>
   <datafield ind2=" " ind1=" " tag="042">
      <subfield code="a">dc</subfield>
   </datafield>
   <datafield ind2=" " ind1=" " tag="720">
      <subfield code="a">Martí Navarro, Sergi</subfield>
      <subfield code="e">author</subfield>
   </datafield>
   <datafield ind2=" " ind1=" " tag="260">
      <subfield code="c">2023-07</subfield>
   </datafield>
   <datafield ind2=" " ind1=" " tag="520">
      <subfield code="a">Aquest treball relata l'experiència personal de la instal·lació d'n estabilitzador giroscòpic de la marca seakeeper en una embarcació sirena 64. Està dividit en dues parts principals. la primera part és de caràcter teòric i proporciona informació sobre els diferents tipus d'estabilitzadors nàutics disponibles al mercat. A més, s'explora en detall l'empresa seakeeper, destacant la seva reputació i productes en l'àmbit dels estabilitzadors giroscòpics. També s'analitza l'embarcació sirena 64, abordant les seves característiques i disseny específics. la segona part del treball se centra en el procés concret de instal·lació del seakeeper en aquesta embarcació. Es descriuen les etapes necessàries per a la pre-instal·lació, incloent l'avaluació de l'espai disponible i la selecció del model adequat. S'expliquen els detalls de la instal·lació física, incloent els processos de muntatge i connexió del seakeeper. Finalment, es destaca la realització de les proves de mar per avaluar l'eficàcia i el rendiment de l'estabilitzador. a través daquest treball, es busca proporcionar una visió completa i detallada de tot el procés d'instal·lació d`un estabilitzador giroscòpic seakeeper en una embarcació sirena 64. Amb això, s'espera contribuir al coneixement general sobre aquesta tecnologia i proporcionar orientació per a futures instal·lacions similars.</subfield>
   </datafield>
   <datafield tag="653" ind2=" " ind1=" ">
      <subfield code="a">Àrees temàtiques de la UPC::Nàutica::Navegació marítima::Instrumentació i equipament per a la navegació</subfield>
   </datafield>
   <datafield tag="653" ind2=" " ind1=" ">
      <subfield code="a">Boatbuilding</subfield>
   </datafield>
   <datafield tag="653" ind2=" " ind1=" ">
      <subfield code="a">Seakeeper</subfield>
   </datafield>
   <datafield tag="653" ind2=" " ind1=" ">
      <subfield code="a">Estabilitzador giroscòpic</subfield>
   </datafield>
   <datafield tag="653" ind2=" " ind1=" ">
      <subfield code="a">Embarcació</subfield>
   </datafield>
   <datafield tag="653" ind2=" " ind1=" ">
      <subfield code="a">Embarcacions--Disseny i construcció</subfield>
   </datafield>
   <datafield tag="653" ind2=" " ind1=" ">
      <subfield code="a">Navegació--Aparells i instruments</subfield>
   </datafield>
   <datafield ind2="0" ind1="0" tag="245">
      <subfield code="a">Instal·lació i proves de mar d'un estabilitzador giroscòpic en una embarcació sirena 64</subfield>
   </datafield>
</record></metadata></record></GetRecord></OAI-PMH>